Esencia y valor de la democracia.
Guardat en:
| Autor principal: | |
|---|---|
| Altres autors: | , , |
| Format: | Llibre |
| Idioma: | espanyol |
| Publicat: |
Barcelona, España:
Ediciones Guadarrama,
1977.
|
| Edició: | Segunda edición. |
| Col·lecció: | Colección Universitaria de Bolsillo. Punto Omega. Sección Historia y política,
233. |
| Matèries: | |
| Etiquetes: |
Afegir etiqueta
Sense etiquetes, Sigues el primer a etiquetar aquest registre!
|
MARC
| LEADER | 00000nam a2200000 a 4500 | ||
|---|---|---|---|
| 001 | UCP2026 | ||
| 003 | CL-VaPUC | ||
| 005 | 20250313110308.0 | ||
| 008 | 990430e19770000SP |||||||||||||||||spa|d | ||
| 999 | |c 280638 |d 280636 | ||
| 020 | |a 84-3350233-6 | ||
| 040 | |c Pontificia Universidad Católica de Valparaíso | ||
| 082 | 0 | 4 | |a 320.01 KEL 1977 |2 21 |
| 100 | |a Kelsen, Hans |e autor |9 255837 | ||
| 245 | 1 | 0 | |a Esencia y valor de la democracia. |
| 250 | |a Segunda edición. | ||
| 260 | |a Barcelona, España: |b Ediciones Guadarrama, |c 1977. | ||
| 300 | |a X, 192 páginas. | ||
| 490 | 0 | |a Colección Universitaria de Bolsillo. Punto Omega. Sección Historia y política, |v 233. | |
| 500 | |a c.3 Donación Familia Prof. Alejandro Guzmán Brito. | ||
| 583 | |a last modification |c 20160913 11:33:57 |k Rodrigo Vera | ||
| 650 | 0 | |a Democracia |9 255256 | |
| 650 | 0 | |a Filosofía política |9 295215 | |
| 700 | |a Otto, Ignacio de |e prólogo |9 866115 | ||
| 700 | |a Luengo Tapia, Rafael |e traducción |9 866116 | ||
| 700 | |a Legaz y Lacambra, Luis |e traducción |9 866117 | ||
| 852 | |a BIBCUR | ||
| 942 | |c BK |2 ddc |n 0 | ||
| 945 | |d 19990430 00:00:00 |a lriquelm | ||
| 952 | |0 0 |1 0 |4 0 |6 320_010000000000000_KEL_1977 |7 0 |8 A |9 321058 |a BIBHIS |b BIBHIS |d 2019-11-20 |i 1339702 |o 320.01 KEL 1977 |p 1339702 |r 2025-01-20 |w 2019-11-20 |y BK |k HIS | ||
| 952 | |0 0 |1 0 |4 0 |6 320_010000000000000_KEL_1977 |7 0 |8 A |9 321059 |a BIBHIS |b BIBHIS |d 2019-11-20 |i 1339753 |o 320.01 KEL 1977 |p 1339753 |r 2025-01-20 |w 2019-11-20 |y BK |k HIS | ||